000 01359pab a2200205 454500
008 180718b2007 xxu||||| |||| 00| 0 eng d
100 _aBarabashev, Alexi
245 _aPublic service reform in Russia, 1991-2006
260 _c2007
300 _ap.373-82.
362 _aMay-Jun
520 _aThis article assesses Russia's post-Soviet efforts to reform its public service in order to meet the challenges of social and economic transition and describes both obstacles to the creation of a modern public service and efforts to over-come them. First, the authors provide a snapshot of the public service in Russia since 1991. Second, they describe aspects of the Soviet legacy that have impeded efforts to modernize the public service. Third, they identify some of the traumas of transition experienced in the 1990s that have circumscribed efforts at reform. Finally, the authors identify gaps between the legislation enacted by the Duma and the limited implementation of that legislation to date. The article conc ludes with an assessment of the current status of public service reform in Russia. - Reproduced.
650 _aAdministrative reform - China
650 _aAdministrative reform - Russia
650 _aAdministrative reform
700 _aStraussman, Jeffrey D.
773 _aPublic Administration Review
908 _aN
909 _a77750
999 _c77750
_d77750